01456cam a22003255a 4500001001000000003000900010005001700019008004100036020002500077040004100102082002100143245005000164264004400214300002900258336002600287337002800313338002700341490002900368504005200397520031400449600006800763650001000831651001000841653002600851655002400877700004200901942001200943999001700955952015800972016316023EG-ScBUE20220403110139.0130318s2013 enk f b 001 0 eng d a9780415850643 (pbk.) aStDuBDSbengerdacStDuBDSdEG-ScBUE04a822.912bGEO22200aGeorge Bernard Shaw /cedited by T. F. Evans. 1aLondon ;aNew York :bRoutledge,c2013. axvi, 422 pages ;c22 cm. 2rdacontentatextbtxt 2rdamediaaunmediatedbn 2rdacarrieravolumebnc0 aCritical heritage series aIncludes bibliographical references and index.  aThis set comprises 40 volumes covering 19th- and 20th-century European and American authors. These volumes will be available as a complete set, mini boxed sets (by theme) or as individual volumes. This second set compliments the first 68 volume set of Critical Heritage published by Routledge in October 1995.17aShaw, Bernard,d1856-1950xCriticism and interpretation.2BUEsh 2BUEsh 2BUEsh bHHUUEENNcOctober2016 vReading book9342321 aEvans, T. F.,eeditor of compilation. 2ddccBB c22624d22596 00102ddc40708AcademicaMAINbMAINc2NDd2016-10-16ePurchaseg336.00h9120l1m1o822.912 GEOp000034118r2025-07-15 00:00:00s2022-05-19v420.00yBB